书目信息 |
| 题名: |
河北土地资源
|
|
| 作者: | 河北省土地管理局 编 | |
| 分册: | ||
| 出版信息: | 北京 科学出版社 2000 |
|
| 页数: | 456页 | |
| 开本: | 26cm | |
| 丛书名: | ||
| 单 册: | ||
| 中图分类: | F327.22 | |
| 科图分类: | ||
| 主题词: | 农业经济--中国 | |
| 电子资源: | ||
| ISBN: | 7-03-007443-2 | |
| 000 | 00566nam0 2200181 450 | |
| 001 | 0736196517 | |
| 005 | 20070924100316.51 | |
| 010 | @a7-03-007443-2@d¥78.00 | |
| 100 | @a20070924d km y0chiy0120 ea | |
| 101 | 0 | @achi |
| 200 | 1 | @a河北土地资源@Ahe bei tu di zi yuan@f河北省土地管理局 编@Fhe bei sheng tu di guan li ju bian |
| 210 | @a北京@c科学出版社@d2000 | |
| 215 | @a456页@d26cm | |
| 606 | 0 | @a农业经济@x中国 |
| 690 | @aF327.22@v3 | |
| 701 | 0 | @a河北省土地管理局@Ahe bei sheng tu di guan li ju@4编 |
| 801 | 0 | @aCN@bPFT@c20070924 |
| 905 | @a213230@dF327.22@eZY1@f1 | |
| 河北土地资源/河北省土地管理局 编.-北京:科学出版社,2000 |
| 456页;26cm |
| ISBN 7-03-007443-2:¥78.00 |
| ● |
| 相关链接 |
|
|
|
|
正题名:河北土地资源
索取号:F327.22/ZY1
 
预约/预借
| 序号 | 登录号 | 条形码 | 馆藏地/架位号 | 状态 | 备注 |
| 1 | 7900492 | 279004925 | 密集书库-资源管理系/ [索取号:F327.22/ZY1] | 在馆 |